Score 0/10 Timer 02:00
14 Plays Today
% Correct
1. United States
99.8%
2. Mexico
99.7%
3. Canada
98.1%
10. Nicaragua
95.1%
8. Honduras
94.2%
4. Guatemala
94.1%
5. Cuba
91.5%
6. Dominican Rep.
75.5%
7. Haiti
54.9%
9. El Salvador
31.9%

You're not logged in!

Compare scores with friends on all Sporcle quizzes.
OR
Log In

Sporcle TV

Today on Sporcle TV


Watch our educational content, quiz creation guides, and fun videos on Sporcle TV.

Show Comments

Extras

Top Quizzes Today


Score Distribution

Paid Content

Your Account Isn't Verified!

In order to create a playlist on Sporcle, you need to verify the email address you used during registration. Go to your Sporcle Settings to finish the process.

Report this User

Report this user for behavior that violates our Community Guidelines.

Details: